000 00451nam a2200181Ia 4500
008 090124s9999 xx 000 0 und d
082 _b20341
_a2354
100 _aबोरकर कमलाकर
245 _a जखम
250 _a1
260 _c1974
300 _a80
600 _aबोरकर कमलाकर
630 _a जखम
700 _aबोरकर कमलाकर
730 _a जखम
942 _cBOOK
999 _c134147
_d134147